عرض عادي
عرض مارك
- الملائكة
مدخل مصطلح موضوعي
001 - رقم الضبط
- حقل الضبط: 214
003 - معرف رقم الضبط
- حقل الضبط: OSt
005 - تاريخ ووقت أخر عملية
- حقل الضبط: 20110609194118.0
008 - عناصر بيانات ثابتة الطول
- حقل تحكم ثابت الطول: 110609|||a|||||| | ||| d
040 ## - مصدر الفهرسة
- هيئة الفهرسة الأصلية: OSt
- وكالة الكتابة: OSt
150 ## - مدخل-- مصطلح تاريخي
- عنصر مدخل المصطلح الموضوعي او الاسم الجغرافي: الملائكة
670 ## - بيانات المصدر موجوده
- الاستشهاد بالمصدر: Work cat.: (OSt)8125: الأشقر، عمر سليمان عبد الله، 1940- 213, عالم الملائكة الأبرار /, 2005
